[Event "Hamburg-ch MB"]
[Site "Hamburg"]
[Date "2011.10.06"]
[Round "6.6"]
[White "Rudenko, Nikolai"]
[Black "Rudolph, Jens Erik"]
[Result "0-1"]
[WhiteElo "1991"]
[BlackElo "1979"]
[PlyCount "102"]
[EventDate "2011.10.09"]
[EventType "swiss"]
[EventRounds "9"]
[EventCountry "GER"]
[SourceTitle "EXT 2012"]
[Source "ChessBase"]
[SourceDate "2011.11.24"]
[SourceVersion "1"]
[SourceVersionDate "2011.11.24"]
[SourceQuality "1"]

1. e4 d5 2. exd5 Qxd5 3. Nc3 Qd6 4. d4 Nf6 5. Nf3 a6 6. h3 b5 7. a3 e6 8. g3 Bb7 9. Bg2 Be7 10. 0-0 0-0 11. Bf4 Qb6 12. Ne5 c5 13. Bxb7 Qxb7 14. Qf3 Qxf3 15. Nxf3 Nc6 16. dxc5 Bxc5 17. Rad1 Ne7 18. b4 Bb6 19. Bd6 Rfc8 20. Rd3 Ned5 21. Nxd5 Nxd5 22. Rc1 Rc6 23. Be5 Rac8 24. c3 f6 25. Bd4 Kf7 26. Bxb6 Rxb6 27. Nd4 Rd6 28. Nb3 Rcd8 29. Rcd1 Ke7 30. Nc5 Nxc3 31. Rxd6 Rxd6 32. Rxd6 Kxd6 33. Nxa6 Nb1 34. Nc5 Nxa3 35. f3 Nc2 36. Nd3 Kd5 37. Nf4+ Ke5 38. Nd3+ Kd4 39. Nc5 Kd5 40. Nd3 Kc4 41. Nf4 e5 42. Nh5 Kxb4 43. Nxg7 Kc3 44. Ne6 b4 45. Nc5 b3 46. Kf2 b2 47. Na4+ Kb3 48. Nxb2 Kxb2 49. f4 Kc3 50. fxe5 fxe5 51. g4 Kd3 0-1